000 00404nam a22001577a 4500
003 CEME
005 20210628204207.0
008 210121b xxu||||| |||| 00| 0 eng d
040 _c.
082 _a641.5 KHO
100 _aKokab Khuwaja
_969218
245 _a Mufid khanay kokab cook book
260 _aLAHORE
_bISLAMIC PUBLICATIONS
_c2003
300 _a187P
942 _cBK
_2ddc
999 _c576587
_d576587